| 000 | 00863cam a22002651 4500 | ||
|---|---|---|---|
| 001 | gs 05000712 | ||
| 003 | DLC | ||
| 005 | 20260227111301.0 | ||
| 008 | 751112s1898 txuf f000 0 eng | ||
| 010 | _ags 05000712 | ||
| 035 | _a(OCoLC)1827049 | ||
| 040 |
_aDLC _cTxArU _dDLC |
||
| 042 | _apremarc | ||
| 043 | _an-us-tx | ||
| 050 | 0 | 0 |
_aQE75 _b.B9 no. 151 |
| 100 | 1 |
_aHill, Robert Thomas, _d1858-1941. |
|
| 245 | 1 | 4 |
_aThe lower Cretaceous Gryphæas of the Texas region, _cby Robert Thomas Hill and Thomas Wayland Vaughan. |
| 260 |
_aWashington, _bGovt. Print. Off., _c1898. |
||
| 300 |
_a139, ix p. _bxxxv pl., diagrs. _c24 cm. |
||
| 410 | 2 | 0 |
_aGeological Survey (U.S.). _tBulletin _vno. 151 |
| 650 | 0 | _aGryphæa. | |
| 650 | 0 |
_aPaleontology _zTexas. |
|
| 650 | 0 |
_aPaleontology _yCretaceous. |
|
| 700 | 1 |
_aVaughan, Thomas Wayland, _d1870-1952, _ejoint author. |
|
| 999 |
_c24270 _d24270 |
||